000 00796nam a2200217Ii 4500
003 JO-AjNU
008 230605s9999||||xx |||||||||||||| ||und||
040 _aJO-AjNU
_bara
_erda
_cJO-AjNU
041 _aara
050 1 4 _aBM55.K5422 1994
100 3 _aالكيلاني، إسماعيل,
_eauthor
_956459
245 0 0 _aالخلفية التوراتية للموقف الأمريكي
250 _aط2
264 3 1 _aبيروت: المكتب الاسلامي للطباعة والنشر، 1994
300 _a256ص
336 _atext
_btxt
_2rdacontent
337 _aunmediated
_bn
_2rdamedia
338 _avolume
_bnc
_2rdacarrier
490 0 _aمن مفكرة فلسطين
650 4 _aالصهيونية- الولايات المتحدة الامريكية- علاقات خارجية
_956460
999 _aA25242
_c28810
_d28810